Chi tiết máy. T2 /
Chương 11: Truyền động trục vít
Saved in:
| Main Author: | |
|---|---|
| Format: | Book |
| Language: | Vietnamese |
| Published: |
H. :
Đại học và trung học chuyên nghiệp ,
1970
|
| Edition: | In lần thứ 1 |
| Subjects: | |
| Tags: |
Add Tag
No Tags, Be the first to tag this record!
|
| Institutions: | Thư viện Trường CĐ Kỹ Thuật Cao Thắng |
|---|
| LEADER | 01852nam a2200421 a 4500 | ||
|---|---|---|---|
| 001 | TVCDKTCT6401 | ||
| 003 | Thư viện trường Cao đẳng Kỹ thuật Cao Thắng | ||
| 005 | 20221017140717.000 | ||
| 008 | 070122 | ||
| 980 | \ | \ | |a Thư viện Trường CĐ Kỹ Thuật Cao Thắng |
| 024 | |a RG_1 #1 eb0 i1 | ||
| 041 | 0 | # | |a vie |
| 082 | # | # | |a 621.82 / |b CH300T-n |
| 100 | 1 | # | |a Nguyễn Trọng Hiệp |
| 245 | 0 | 0 | |a Chi tiết máy. T2 / |c Nguyễn Trọng Hiệp |
| 250 | # | # | |a In lần thứ 1 |
| 260 | # | # | |a H. : |b Đại học và trung học chuyên nghiệp , |c 1970 |
| 300 | # | # | |a 211tr. ; |c 27cm |
| 520 | # | # | |a Chương 11: Truyền động trục vít |
| 520 | # | # | |a Chương 12: Truyền động xích |
| 520 | # | # | |a Chương 13: Truyền động vít - đai ốc |
| 520 | # | # | |a Chương 14: Trục |
| 520 | # | # | |a Chương 15: Ổ trượt |
| 520 | # | # | |a Chương 16: Ổ lăn |
| 520 | # | # | |a Chương 17: Khớp nối |
| 520 | # | # | |a Chương 18: Lò xo |
| 520 | # | # | |a Cuốn sách "Chi tiết máy" tập 2 bao gồm 8 chương bắt đầu từ chương 11 đến chương 18. Nội dung các chương bao gồm như : |
| 650 | # | 4 | |a Chi tiết máy |
| 653 | # | # | |a Principles and Elements of Machine |
| 653 | # | 4 | |a Mechanical Engineering Technology |
| 721 | # | # | |a 03. CNKT Cơ khí |
| 721 | # | # | |a 06. CNKT Nhiệt lạnh |
| 721 | # | # | |a 07. CNKT Cơ điện tử |
| 721 | # | # | |a 08. CNKT Điều khiển và Tự động hóa |
| 721 | # | # | |a 10. Cơ khí chế tạo (Cắt gọt kim loại) |
| 721 | # | # | |a 13.Kỹ thuật máy lạnh và điều hòa không khí |
| 721 | # | # | |a 14. Bảo trì, sửa chữa ô tô (Công nghệ ô tô) |
| 841 | # | # | |b Kho Sách |j 100020145, 100020816 |